000 01017nam a22003257a 4500
003 CHAP
005 20220329133553.0
008 971013s1990 r 00010 d
010 _a8014
011 _a8986
035 _a8220
040 _cCHAP
082 _a744.422
_bW5
100 0 0 _aWinden, John Van.
_9122256
245 _aTechnical drawing
260 _aAmsterdam :
_bTOOL,
_c1990
300 _a100 p.
490 _aRural mechanics course
_v; 4
590 _aBATCH-UPD
_b10
_c20130109
_lUCH01
_h2330
590 _aBATCH-UPD
_b10
_c20130110
_lUCH01
_h2301
590 _aBATCH-UPD
_b10
_c20130410
_lUCH01
_h1553
590 _aBATCH-UPD
_b10
_c20130914
_lUCH01
_h1618
590 _aCONVERSION
_b10
_c20130109
_lUCH01
_h1305
650 1 4 _aDibujo mecánico.
_932444
830 0 _aRural mechanics course
_v; 4
_9100916
901 _aBK
942 _cLIBRO
949 _a744.422 W5
_bBC
_cLIBRO
_d33724000134680
_eLIBRO
_fc.2
_h84464
_i8220
_si
949 _a744.422 W5
_bBC
_cLIBRO
_d33724000134698
_eLIBRO
_gI.168274
_h84459
_i8220
_si
999 _c8014
_d8014